[Event "77th Tata Steel it"]
[Site "Wijk aan Zee NED"]
[Date "2015.01.13"]
[Round "4"]
[White "Ivanchuk, Vasyl"]
[Black "Vachier-Lagrave, Maxime"]
[Result "1-0"]
[WhiteElo "2715"]
[BlackElo "2757"]
[EventDate "2015.01.10"]
[PlyCount "65"]

1. e4 c5 2. Nf3 d6 3. d4 cxd4 4. Nxd4 Nf6 5. Nc3 a6 6. Be3 Ng4 7. Bc1 Nf6 8. Be3 Ng4 9. Bg5 h6 10. Bh4 g5 11. Bg3 Bg7 12. h3 Ne5 13. Be2 Nbc6 14. Nb3 b5 15. a4 b4 16. Nd5 e6 17. Ne3 Bb7 18. Qd2 Qc7 19. O-O-O O-O-O 20. Kb1 Kb8 21. f3 a5 22. h4 Na7 23. Nd4 Ng6 24. hxg5 hxg5 25. Rxh8 Bxh8 26. Bc4 Nf4 27. Bb3 Qc5 28. Nc4 Ba6 29. Bf2 Bxc4 30. Nb5 Qc6 31. Bxa7+ Ka8 32. Bxc4 Qxc4 33. Bb6 {is completely hopeless. White will pick up a5 and b4 while Black is still planless.} 1-0